| 000 | 01166cam a22003251 4500 | ||
|---|---|---|---|
| 999 |
_c21429 _d21429 |
||
| 001 | 6601583 | ||
| 003 | BDDh-ASL | ||
| 005 | 20231015030007.0 | ||
| 008 | 740118s1966 enkb b 000 0 eng | ||
| 010 | _a 66073855 | ||
| 015 | _aB66-13299 | ||
| 035 | _a(OCoLC)779060 | ||
| 040 |
_aDLC _cNBuU _dOCoLC _dUk _dDLC _dBDDh-ASL |
||
| 042 | _apremarc | ||
| 050 | 0 | 0 |
_aDS450.C5 _bL32 1966 |
| 082 |
_a327.5405 _bLAM |
||
| 100 | 1 |
_aLamb, Alastair, _d1930- |
|
| 245 | 1 | 4 |
_aThe McMahon line, Volume-2 _ba study in the relations between India, China and Tibet, 1904-1914 / |
| 260 |
_aLondon: _bRoutledge & K. Paul; _aToronto: _bToronto U.P., _c1966. |
||
| 300 |
_av-2, 656, xx _bmaps. _c23 cm. |
||
| 490 | 0 | _aStudies in political history | |
| 504 | _aBibliography: p. 645-656. | ||
| 505 | 0 | _av. 1. Morley, Minto and noninterference in Tibet. v. 2. Hardinge, McMahon and the Simla Conference. | |
| 650 | 0 |
_92973 _aInternatioal Relation |
|
| 651 | 0 |
_aChina _xBoundaries _zIndia. |
|
| 651 | 0 |
_aIndia _xBoundaries _zChina. |
|
| 651 | 0 |
_aTibet Autonomous Region (China) _xPolitics and government. |
|
| 906 |
_a7 _bcbc _coclcrpl _du _encip _f19 _gy-gencatlg |
||
| 942 |
_2ddc _cBK |
||